Online
Catalog

Batlle y El dia, 1886-1903 / (Record no. 13738)

MARC details
000 -CABECERA
campo de control de longitud fija 00680cam a2200169 a 4500
001 - NÚMERO DE CONTROL
campo de control 000014136
005 - FECHA Y HORA DE LA ÚLTIMA TRANSACCIÓN
campo de control 20200929163505.0
008 - DATOS DE LONGITUD FIJA--INFORMACIÓN GENERAL
campo de control de longitud fija 900517s1988 uy b 000 0 spa
040 ## - FUENTE DE LA CATALOGACIÓN
Centro catalogador/agencia de origen DO-SdBNP
Lengua de catalogación spa
Centro/agencia transcriptor BNPHU
245 00 - MENCIÓN DE TÍTULO
Título Batlle y El dia, 1886-1903 /
Mención de responsabilidad, etc. Fundacion Prudencio Vazquez y Vega ; Luis V. Anastasi... [et. al.].
260 ## - PUBLICACIÓN, DISTRIBUCIÓN, ETC.
Lugar de publicación, distribución, etc. Montevideo :
Nombre del editor, distribuidor, etc. Fundacion Prudencio Vazquez y Vega ;
Lugar de publicación, distribución, etc. Munich, Baviera, Republica Federal de Alemania :
Nombre del editor, distribuidor, etc. Fundacion Hanns Seidel,
Fecha de publicación, distribución, etc. 1988.
300 ## - DESCRIPCIÓN FÍSICA
Extensión 252 p. ;
Dimensiones 26 cm.
700 1# - PUNTO DE ACCESO ADICIONAL--NOMBRE DE PERSONA
Nombre de persona Anastasia, Luis V.
9 (RLIN) 19354
710 2# - PUNTO DE ACCESO ADICIONAL--NOMBRE DE ENTIDAD CORPORATIVA
Nombre de entidad corporativa o nombre de jurisdicción como elemento de entrada Fundacion Prudencio Vazquez y Vega.
9 (RLIN) 8009
730 0# - PUNTO DE ACCESO ADICIONAL--TÍTULO UNIFORME
Título uniforme Dia (Montevideo, Uruguay)
9 (RLIN) 31972
910 ## - DATOS DE OPCIÓN DEL USUARIO (OCLC)
Datos de opción del usuario Catalogación derivada
Holdings
Estado de retiro Estado de pérdida Restricciones de uso No para préstamo Código de colección Localización permanente Ubicación/localización actual Ubicación en estantería Fecha de adquisición Número de inventario Total de préstamos Signatura topográfica completa Código de barras Fecha visto por última vez Precio válido a partir de Tipo de ítem Koha
    Préstamo interno   Monografías: Libros y Folletos General General En catalogación 04.12.2009 LF1   14136-10 25.06.2020 25.06.2020 Préstamo interno

Powered by Koha